000 00596nam a2200193 i 4500
001 8585
003 ES-MaACL
005 20230906145507.0
007 t|
008 920810s1961 fr ||||1| fre d
080 _a86.0(83)-14"19"
080 _a86.0(83)(Valjalo,D.7 A.03=4)
100 1 _aValjalo, David.
_9112711
245 1 2 _aL'Autre feu /
_cDavid Valjalo ; recréation poétique due áa Henri de Lescoët.
260 _aNice :
_bProfils Poétiques des Pays Latins,
_c1961.
300 _a[22] p. ;
_c16 cm.
700 1 _aLescöet, Henri de.
_971829
852 _aES-MaACL
_j2143-F-25
_bR.117584
999 _c8585
_d8585